Statistics for Cities of Imperial County, CA

Click here to take the quiz!

General Stats

  • This quiz has been taken 31 times
  • The average score is 6 of 10

Answer Stats

HintAnswer% Correct
2Calexico
89%
1El Centro
89%
3Brawley
68%
4Imperial
68%
5Calipatria
47%
6Holtville
47%
7Salton City
47%
10Niland
42%
8Westmorland
37%
9Seeley
16%

Score Distribution

Percentile by Number Answered

Percent of People with Each Score

Your Score History

You have not taken this quiz